000 01504cam a2200349 a 4500
001 15727197
003 OSt
005 20140310182748.0
008 090506s2010 iluak 001 0 eng
010 _a 2009017002
020 _a9789746522168
040 _aDLC
_cDLC
_dDLC
050 0 0 _aZ678.9
_bT927 2010
082 0 0 _aM 023.32
_bT927 2010
100 1 _aTunstall, Patricia.
245 1 0 _aHiring, training, and supervising library shelvers /
_cPatricia Tunstall.
260 _aChicago :
_bAmerican Library Association,
_c2010.
300 _aix, 109 p. :
_bill., forms ;
_c22 cm.
490 0 _aALA guides for the busy librarian
500 _aIncludes indexes.
505 0 _aLooking for recruits -- Interviewing and hiring -- Training -- Day-to-day supervising -- Keeping your shelvers in good order -- Performance assessment -- Working with other departments -- Looking after the supervisor -- The big moves: your chance to shine.
521 _aCollege Students
526 _c1210L to 1700L
541 _j1
541 _j2
562 _eFor Circulation. 2 Copy Available in the Collection
650 0 _aLibrary pages.
650 0 _aLibrary personnel management.
906 _a7
_bcbc
_corignew
_d1
_eecip
_f20
_gy-gencatlg
942 _2lcc
_cBK
_kM
999 _c15689
_d15689